| 000 | 01508nam2a22002531 4500 | ||
|---|---|---|---|
| 001 | RU\NLR\INFOCOMM31\5000073384 | ||
| 005 | 20250617023221.0 | ||
| 035 | _a(NLR Aleph) 002381915 | ||
| 090 |
_a4603870 _c4603870 |
||
| 100 | _a20041222d1985 |||y0rusy50 ca | ||
| 101 | 0 | _arus | |
| 102 | _aRU | ||
| 105 | _ay ||||000|y | ||
| 200 | 1 |
_aУпругие опоры в станкостроении _fА.С. Кельзон |
|
| 210 |
_d1985 _aБ. м. |
||
| 461 | 0 |
_1001RU\NLR\INFOCOMM31\5000073347 _12001#$aТехнология, оборудование, организация и экономика машиностроительного производства$eОбзор. информ.$hСерия 1$iСтанкостроение$fВНИИ информ. и техн.-экон. исслед. по машиностроению и робототехнике (ВНИИТЭМР)$v1985, Вып.3 _94603861 _cМ. _d1985-1988 _fВНИИ информ. и техн.-экон. исслед. по машиностроению и робототехнике (ВНИИТЭМР) _hСерия 1 _iСтанкостроение _oОбзор. информ. _tТехнология, оборудование, организация и экономика машиностроительного производства _v1985, Вып.3 |
|
| 700 | 1 |
_aКельзон _bА.С. _4070 |
|
| 801 | 1 |
_aRU _bInfoComm _c20041222 |
|
| 801 | 0 |
_aRU _bNLR _gPSBO |
|
| 852 |
_aNLR _jП10/6285 |
||
| 942 | _cISSUE | ||
| 980 | _aNB | ||
| 980 | _aRUSPER | ||